00996nam a2200241Ia 4500001001100000003000800011006001900019007001500038008004100053040002100094035002100115050002000136100003500156245005900191260008800250300001100338533015200349600005100501650003100552655002900583710001700612856012500629ebr5000764CaPaEBRm u cr cn|||||||||100924s2001 inu s 000 0 eng d aCaPaEBRcCaPaEBR a(OCoLC)69414773214aE332.86b2001eb1 aJefferson, Thomas,d1743-1826.10aLettersh[electronic resource] /cby Thomas Jefferson. a[South Bend, IN] :bInfomotions, Inc. ;a[Blacksburg, VA] :bVirginia Tech.,c2001. a502 p. aElectronic reproduction.bPalo Alto, Calif. :cebrary,d2010.nAvailable via World Wide Web.nAccess may be limited to ebrary affiliated libraries.10aJefferson, Thomas,d1743-1826vCorrespondence. 0aPresidentszUnited States. 7aElectronic books.2local2 aebrary, Inc.40uhttp://site.ebrary.com/lib/rucke/Doc?id=5000764zAn electronic book accessible through the World Wide Web; click to view